<?xml version='1.0' encoding='UTF-8'?>
  <record xmlns="http://www.loc.gov/MARC21/slim">
    <leader>00000cam a2200000 i 4500</leader>
    <controlfield tag="001">ocm71403880</controlfield>
    <controlfield tag="003">OCoLC</controlfield>
    <controlfield tag="005">20251004183441.6</controlfield>
    <controlfield tag="008">850410s1875    ne            000 0 dut d</controlfield>
    <datafield tag="040" ind1=" " ind2=" ">
      <subfield code="a">NLGGC</subfield>
      <subfield code="b">dut</subfield>
      <subfield code="e">fobidrtb</subfield>
      <subfield code="c">NLGGC</subfield>
      <subfield code="d">OCLCO</subfield>
      <subfield code="d">OCLCL</subfield>
      <subfield code="d">OCLCQ</subfield>
    </datafield>
    <datafield tag="019" ind1=" " ind2=" ">
      <subfield code="a">902065899</subfield>
    </datafield>
    <datafield tag="029" ind1="0" ind2=" ">
      <subfield code="a">NLGGC</subfield>
      <subfield code="b">851170439</subfield>
    </datafield>
    <datafield tag="035" ind1=" " ind2=" ">
      <subfield code="a">(OCoLC)71403880</subfield>
      <subfield code="z">(OCoLC)902065899</subfield>
    </datafield>
    <datafield tag="100" ind1="1" ind2=" ">
      <subfield code="a">Willems, C.J.</subfield>
      <subfield code="q">(Cornelius),</subfield>
      <subfield code="d">1817-1884.</subfield>
      <subfield code="1">https://id.oclc.org/worldcat/entity/E39PBJjd9BMDpr7HpqXFpqW7HC</subfield>
    </datafield>
    <datafield tag="245" ind1="1" ind2="3">
      <subfield code="a">De ware Judith, of een blik van Pius IX in de toekomst /</subfield>
      <subfield code="c">door C.J. Willems.</subfield>
    </datafield>
    <datafield tag="260" ind1=" " ind2=" ">
      <subfield code="a">Rotterdam :</subfield>
      <subfield code="b">Hoogveld,</subfield>
      <subfield code="c">1875.</subfield>
    </datafield>
    <datafield tag="300" ind1=" " ind2=" ">
      <subfield code="a">XVI, 328 p. ;</subfield>
      <subfield code="c">21 cm.</subfield>
    </datafield>
    <datafield tag="336" ind1=" " ind2=" ">
      <subfield code="a">tekst</subfield>
      <subfield code="b">txt</subfield>
      <subfield code="2">rdacontent/dut</subfield>
    </datafield>
    <datafield tag="337" ind1=" " ind2=" ">
      <subfield code="a">zonder medium</subfield>
      <subfield code="b">n</subfield>
      <subfield code="2">rdamedia/dut</subfield>
    </datafield>
    <datafield tag="338" ind1=" " ind2=" ">
      <subfield code="a">band</subfield>
      <subfield code="b">nc</subfield>
      <subfield code="2">rdacarrier/dut</subfield>
    </datafield>
    <datafield tag="530" ind1=" " ind2=" ">
      <subfield code="a">Boek wordt verfilmd Metamorfoze UBU.</subfield>
    </datafield>
    <datafield tag="600" ind1="0" ind2="4">
      <subfield code="a">Pius</subfield>
      <subfield code="b">IX,</subfield>
      <subfield code="c">paus,</subfield>
      <subfield code="d">1792-1878.</subfield>
      <subfield code="0">(NL-LeOCL)070255458</subfield>
    </datafield>
    <datafield tag="600" ind1="0" ind2="7">
      <subfield code="a">Pius</subfield>
      <subfield code="b">IX,</subfield>
      <subfield code="c">paus,</subfield>
      <subfield code="d">1792-1878.</subfield>
      <subfield code="2">local</subfield>
      <subfield code="0">(NL-LeOCL)070255458</subfield>
    </datafield>
    <datafield tag="758" ind1=" " ind2=" ">
      <subfield code="a">De ware Judith, of een blik van Pius IX in de toekomst (Text)</subfield>
      <subfield code="1">https://id.oclc.org/worldcat/entity/E39PCG89Jk8m8xFGjRWWmc7xH3</subfield>
      <subfield code="4">https://id.oclc.org/worldcat/ontology/hasWork</subfield>
    </datafield>
    <datafield tag="776" ind1="0" ind2=" ">
      <subfield code="t">De ware Judith, of een blik van Pius IX in de toekomst</subfield>
      <subfield code="w">(NL-LeOCL)426245296</subfield>
    </datafield>
    <datafield tag="936" ind1=" " ind2=" ">
      <subfield code="a">BATCHLOAD</subfield>
    </datafield>
  </record>